000 00260nam a2200097Ia 4500
001 798094
005 20250826170820.0
008 250824s9999 xx 000 0 und d
245 0 _aABDÜLHAMİD İN KURTLARLA DANSI 3
_cMUSTAFA ARMAĞAN
260 _bKETEBE YAYINLARI
999 _c798094
_d798094